000 00424nam a2200157Ia 4500
008 160316s1998 xxu||||| |||| 00| 0 eng d
082 _a320.800000
_bPUL
100 _aPuliani Sathpal
245 _aThe Karnataka panchayat raj manual
250 _a
260 _aBangalore
_bKarnatak Law Journal
_c1998
300 _a966p
_b966p*
_c
365 _bRs.495
650 _a1.Panchayat Raj Act - Rules - Karnataka
700 _a
_a
999 _c12879
_d12879